00618nam a2200181Ia 4500008004100000020001500041041001200056082001600068100002000084245006500104260003400169300000800203650001600211700001500227942000700242999001500249952017200264221030s9999 xx 000 0 und d a8186340084 aEnglish a105.23bRaf aM. Rafiquzzaman 0aModern Computer Architecturecby M. Rafiquzzaman, R. Chandra bGalgotia PubaNew Delhic1999 a410 aBE Computer aR. Chandra cBK c1583d1583 pBE 1519g230.00l0o105.23 Rafr2024-06-13 00:00:00w2022-10-30yBK003Print4070aMIETLIBbMIETLIBcBL-Academic Block C, FL-2, CUP-105, SH-5, R-5d2000-05-0810HBE